1320 1793 1288 1412 1997 1266 1541 1886 1572 1896 1812 1555 1321 1564 1299 1987 1200 1299 1711 1891 1052 1833 1797 1119 1387 1196 1084 1112 1539 1191 1940 1457 1957 1628 1467 1375 1675 1111 1926 1840 1245 1511 1786 1736 1299 1163 1104 1378 1375 1728 1523 1360 1310 1669 1703 1548 1544 1278 1682 1655 1941 1219 1437 1105 1603 1655 1937 1323 1487 1482 1500 1136 1089 1373 1428 1753 1846 1414 1570 1095 1353 1298 1765 1537 1614 1440 1049 1158 1992 1911 1559 1789 1637 1687 1722 1379 1531 1365 1299 BCNSPRNW ULIB Ver.6.0+V

เปลี่ยนเป็นภาษาไทย

Change to English
 แสดงรายละเอียดบรรณานุกรม
  กลับหน้าหลัก

Brief Record : Get Marc (ISO 2709) : E-mail record : QR code < ปิดหน้าต่าง
LEADER : 00000nam 2200000uu 4500
001    13399111340
003     ULIB
008    110622s2552||||th 000 0 tha d
020    9789749922958
060 04 WY87^bช576ค
245 00 คู่มือทักษะการสื่อสารสำหรับพยาบาลและนักเรียนพยาบาล /^cบรรณาธิการ ชิษณุ พันธุ์เจริญ, จรุงจิตร์ งามไพบูลย์
246 34 คู่มือทักษะการสื่อสารสำหรับพยาบาลและนักเรียนพยาบาล :^bฉบับพกพา
260    กรุงเทพฯ :^bศูนย์ฝึกอบรมทักษะการสื่อสาร ฝ่ายกุมารเวชศาสตร์โรงพยาบาลจุฬาลงกรณ์,^c2552
300    208 หน้า :^bภาพประกอบ ;^c19 ซม.
650  7 การสื่อสารทางการพยาบาล^vคู่มือ
700 0  ชิษณุ พันธุ์เจริญ,^eบรรณาธิการ
700 0  จรุงจิตร์ งามไพบูลย์,^eบรรณาธิการ
710 2  โรงพยาบาลจุฬาลงกรณ์. ^bฝ่ายกุมารเวชศาสตร์.^bศูนย์ฝึกอบรมทักษะการสื่อสาร
945    ^p90^l0^i18011
945    ^p90^l0^i18010
945    ^p90^l0^i18009
945    ^p90^l0^i23069
945    ^p90^l0^i23070
945    ^p90^l0^i23071
999    ^aใช้งานได้ทุกระบบ
รายการนี้ยังไม่มีแท็ก
คุณยังไม่ได้ล็อกอิน คุณสามารถมีกิจกรรมร่วมกับเว็บไซต์ได้ แต่ต้องล็อกอินก่อน ::
  ล็อกอิน

รายการสื่อสารสนเทศ

ลำดับที่ ประเภท เลขเรียก/บาร์โค้ด สถานที่ สถานะ
- ไม่พบข้อมูล -

BibComment


ยังไม่เคยถูกคอมเมนท์

คอมเมนท์ทรัพยากรรายการนี้
  คอมเมนท์: คู่มือทักษะการสื่..


 Copyright 2026. Bcnsprnw @Library